Estudio y Comprensión de la Sociedad 5º Educación Básica: guía didáctica para el profesor
Saved in:
| Hovedforfatter: | |
|---|---|
| Format: | Bog |
| Sprog: | spansk |
| Udgivet: |
Santiago
Santillana del Pacífico
2005
|
| Fag: | |
| Tags: |
Tilføj Tag
Ingen Tags, Vær først til at tagge denne postø!
|
MARC
| LEADER | 00000nam a2200000 a 4500 | ||
|---|---|---|---|
| 001 | UCI7845 | ||
| 003 | CL-VaPUC | ||
| 008 | 080725e20050000CL |||||||||||||||||spa|d | ||
| 020 | |a 9561511258 | ||
| 082 | 0 | 4 | |a 372.83 |b DON |2 21 |
| 100 | 0 | |a Donoso Rivas, Marina Loreto |e author |9 531186 | |
| 245 | 1 | 0 | |a Estudio y Comprensión de la Sociedad 5º Educación Básica: guía didáctica para el profesor |
| 300 | |a 62 p | ||
| 942 | |c BK | ||
| 945 | |d 20080725 00:00:00 |a jtorresc | ||
| 260 | |a Santiago |b Santillana del Pacífico |c 2005 | ||
| 650 | 0 | |a Enseñanza de la historia |9 307330 | |
| 650 | 0 | |a Enseñanza de la geografía |9 310005 | |
| 650 | 0 | |a Libros de texto |9 270019 | |
| 650 | 0 | |a Métodos de enseñanza |9 270413 | |
| 583 | |a last modification |c 20180314 11:32:50 |k Rodrigo Vera | ||
| 999 | |c 330974 |d 330972 | ||
| 952 | |0 0 |1 0 |4 0 |6 372_830000000000000_DON_2005 |7 0 |8 P |9 416998 |a BIBEDU |b BIBEDU |d 2019-11-22 |i 4462009 |o 372.83 DON 2005 |p 4462009 |r 2019-11-22 |w 2019-11-22 |y BK |k EDU | ||